| 000 | 00752nam a2200217 a 4500 | ||
|---|---|---|---|
| 001 | 0970 | ||
| 005 | 20140414132144.0 | ||
| 008 | 041008s19uu xx 00 eng d | ||
| 020 | _a0-590-10730-5 | ||
| 050 |
_aKIT (SER) 551.5 _bC36 1998 |
||
| 100 | _aChanko, Pamela | ||
| 245 |
_aWeather / _cPamela Chanko, Daniel Moreton. |
||
| 260 |
_aNew York : _bScholastic, _c1998. |
||
| 300 | _av. p. : ill. ; cm. | ||
| 440 | _aScience emergent readers | ||
| 500 | _a"Scholastic early childhood"--Includes index | ||
| 520 | _aPhotographs and simple text describe some of the activities associated with various types of weather, from ice skating to going to the beach. | ||
| 650 |
_aWeather _xJuvenile literature. |
||
| 999 |
_c115403 _d115403 |
||